000 00688nam a2200241 i 4500
001 C2-0097132
003 PPAK
005 20180727093912.0
008 970518s1992 si a|||| ||||| | eng d
020 _a9971400014
040 _aPPAK
_beng
_cPPAK
_erda
082 0 4 _a915.09598
_223
090 0 0 _a915.09598
_bZAC
_dR
100 1 _aZach, Paul,
_eauthor
245 1 0 _aIndonesia:
_bparadise on the equator
264 1 _aSingapore :
_bTimes Editions ,
_c1992
300 _a239 pages :
_bcolour illustrations ;
_c32 cm
336 _2rdacontent
_atext
337 _2rdamedia
_aunmediated
338 _2rdacarrier
_avolume
650 1 0 _aIndonesia - Description and travel
942 _ddc
_cB
999 _c21160
_d21160